Catalog

Record Details

Catalog Search



Moderní vyučování  Cover Image Book Book

Moderní vyučování / Geoffrey Petty ; [z anglického originálu ... přeložil Štěpán Kovařík]

Petty, Geoffrey (Author).

Record details

  • ISBN: 80-7367-172-7
  • Physical Description: 380 s. : il. ; 23 cm
  • Edition: Vyd. 4.
  • Publisher: Praha : Portál, 2006

Content descriptions

General Note:
Obsahuje rejstřík
Subject: vyučovací metody
teaching methods
Genre: příručky
handbooks and manuals

Available copies

  • 1 of 1 copy available at Common Catalog SPOK.

Holds

  • 0 current holds with 1 total copy.
Show Only Available Copies
Location Call Number / Copy Notes Barcode Shelving Location Status Due Date
Varianty Cho Pe 4605401497 Šafaříkova 17 - 5. patro, chodba Available -

Electronic resources

Version of Resource: Digitalizovaný dokument


LDR 01236nam a2200361 a 4500
00131976
003CZ-PrJAB
00520190531122332.0
007ta
008060712s2006 xr a e f 001 0 cze
015 . ‡acnb001663086
020 . ‡a80-7367-172-7 ‡q(brož.) : ‡cKč 395,00
035 . ‡a(CZ PrNK)nkc20061663086
035 . ‡a(OCoLC)37962777
040 . ‡aABA001 ‡bcze ‡dBOA001
0411 . ‡acze ‡heng
072 7. ‡a37.09 ‡xOrganizace výuky a vzdělávání ‡2Konspekt ‡922
080 . ‡a37.091.3 ‡2MRF
080 . ‡a(035) ‡2MRF
1001 . ‡aPetty, Geoffrey ‡7mzk2002112049 ‡4aut
24510. ‡aModerní vyučování / ‡cGeoffrey Petty ; [z anglického originálu ... přeložil Štěpán Kovařík]
250 . ‡aVyd. 4.
260 . ‡aPraha : ‡bPortál, ‡c2006
300 . ‡a380 s. : ‡bil. ; ‡c23 cm
500 . ‡aObsahuje rejstřík
65007. ‡avyučovací metody ‡7ph127294 ‡2czenas
65009. ‡ateaching methods ‡2eczenas
655 7. ‡apříručky ‡7fd133209 ‡2czenas
655 9. ‡ahandbooks and manuals ‡2eczenas
7650 . ‡tTeaching today ‡9Česky
85641. ‡uhttp://krameriusndk.nkp.cz/search/handle/uuid:16a4e600-72b6-11e8-87bd-005056827e52 ‡yDigitalizovaný dokument
910 . ‡aABH006
901 . ‡a31976 ‡b ‡c31976 ‡tbiblio

Additional Resources